How do I look? : queer film and video /

Gardado en:
Detalles Bibliográficos
Autor Corporativo: Bad Object-Choices (Editor)
Formato: Libro
Idioma:inglés
Publicado: Seattle : Bay Press, 1991
Tags: Engadir etiqueta
Sen Etiquetas, Sexa o primeiro en etiquetar este rexistro!

MARC

LEADER 00000nam a22000007i 4500
001 IT\ICCU\UBO\3245941
003 ItRI
005 20260115231830.0
008 070706s1991 xxu|||||| ||||| |||||c
020 |a 0941920208 
040 |b ita  |c importazione bologna sebina 
041 7 |a eng  |2 ISO-639-2 
130 0 |a How do I look?  |3 IT\ICCU\RL1\0086136 
245 0 0 |a How do I look? :  |b queer film and video /  |c edited by Bad Object-Choices. 
260 |a Seattle :  |b Bay Press,  |c 1991 
300 |a 295 p. :  |b ill. ;  |c 23 cm 
500 |a Revised versions of papers and discussions from a conference held at Anthology Film Archives in New York City, Oct. 21-22, 1989. 
710 2 |a Bad Object-Choices  |0 IT\ICCU\UBOV\163783  |4 edt 
942 |2 ddc  |c BK  |n 0 
952 |0 0  |1 0  |4 0  |6 DOC_791_436000000000000_BAD  |7 0  |9 13759  |a BO  |b BO  |d 2026-01-15  |i 2764  |l 0  |o DOC 791.436 BAD  |p BO2764  |r 2026-01-15 23:18:30  |w 2026-01-15  |x [Sebina 7] [1 v.]  |y BK  |z 1 v. 
999 |c 11835  |d 11835